[Event "TTO-ch"]
[Site "Port of Spain"]
[Date "2016.10.30"]
[Round "10"]
[White "Cupid, Kevin"]
[Black "Nedd, Sean"]
[Result "0-1"]
[WhiteElo "2166"]
[BlackElo "1829"]
[PlyCount "146"]
[EventDate "2016.10.15"]
[EventType "tourn"]
[EventRounds "11"]
[EventCountry "TRI"]
[SourceTitle "CBM 175 Extra"]
[Source "ChessBase"]
[SourceDate "2016.12.12"]
[SourceVersion "1"]
[SourceVersionDate "2016.12.12"]
[SourceQuality "1"]

1. d4 Nf6 2. Nf3 d5 3. c4 e6 4. Nc3 Be7 5. cxd5 exd5 6. Bf4 0-0 7. e3 Bf5 8. Bd3 Bxd3 9. Qxd3 Na6 10. Qb5 Rb8 11. 0-0 c6 12. Qa4 Ra8 13. Rac1 Nh5 14. Be5 f6 15. Bg3 Nxg3 16. hxg3 f5 17. a3 Rf6 18. b4 Nc7 19. b5 cxb5 20. Nxb5 Nxb5 21. Qxb5 Bxa3 22. Rc3 Rb6 23. Qd3 Bb4 24. Rb3 Qf8 25. Ne5 Rd8 26. Qb1 g6 27. Rc1 Qd6 28. Nd3 a5 29. Qa2 Rc6 30. Rcb1 Rc4 31. Ne5 b5 32. Qe2 Rdc8 33. Nxc4 bxc4 34. R3b2 c3 35. Rc2 Rc4 36. g4 Qe6 37. gxf5 Qxf5 38. g4 Qe4 39. f3 Qe6 40. Qd3 Qd6 41. Kg2 Kg7 42. Rh1 Qc7 43. e4 Qf4 44. Rd1 dxe4 45. Qxe4 Qc7 46. Qe8 Qd6 47. Qa8 Qc7 48. Qa6 Qc6 49. Qxc6 Rxc6 50. d5 Rd6 51. Kf2 Kf6 52. Ke3 Rd8 53. Kd4 Kg5 54. Kc4 Kf4 55. Rd3 h5 56. gxh5 gxh5 57. Kb5 Ke5 58. Re2+ Kf5 59. Rc2 Kf4 60. Re2 Kg3 61. Rc2 h4 62. Kc4 h3 63. f4+ Kg4 64. f5 Rh8 65. Rd1 Kxf5 66. Kb5 h2 67. Rh1 Ke5 68. Kc6 Rh6+ 69. d6 Rxd6+ 70. Kb5 Rd2 71. Rxh2 Rxc2 72. Rxc2 Kd4 73. Rc1 Kd3 0-1

[Event "TTO-ch"]
[Site "Port of Spain"]
[Date "2016.10.16"]
[Round "3"]
[White "Thomas, Rickson"]
[Black "Nedd, Sean"]
[Result "1-0"]
[WhiteElo "1843"]
[BlackElo "1829"]
[PlyCount "55"]
[EventDate "2016.10.15"]
[EventType "tourn"]
[EventRounds "11"]
[EventCountry "TRI"]
[SourceTitle "CBM 175 Extra"]
[Source "ChessBase"]
[SourceDate "2016.12.12"]
[SourceVersion "1"]
[SourceVersionDate "2016.12.12"]
[SourceQuality "1"]

1. d4 Nf6 2. c4 g6 3. Nc3 Bg7 4. e4 d6 5. f3 0-0 6. Be3 c6 7. Nge2 Nbd7 8. g4 Nb6 9. Ng3 Be6 10. d5 cxd5 11. cxd5 Bd7 12. Qd2 Rc8 13. Bh6 Nc4 14. Bxc4 Rxc4 15. Bxg7 Kxg7 16. h4 e6 17. h5 Rh8 18. hxg6 hxg6 19. 0-0-0 exd5 20. Rxh8 Kxh8 21. Qh6+ Nh7 22. Rh1 Qg8 23. Kb1 Qg7 24. Qg5 Kg8 25. Qd8+ Nf8 26. Nxd5 Qe5 27. Nf6+ Kg7 28. Nxd7 1-0

[Event "Port of Spain op"]
[Site "Port of Spain"]
[Date "2016.08.03"]
[Round "8"]
[White "Marin Boett, Efren Ruben"]
[Black "Nedd, Sean"]
[Result "1-0"]
[WhiteElo "1825"]
[BlackElo "1904"]
[PlyCount "103"]
[EventDate "2016.07.29"]
[EventType "swiss"]
[EventRounds "9"]
[EventCountry "TRI"]
[SourceTitle "EXT 2017"]
[Source "ChessBase"]
[SourceDate "2016.10.25"]
[SourceVersion "1"]
[SourceVersionDate "2016.10.25"]
[SourceQuality "1"]

1. a3 g6 2. d4 Nf6 3. Nc3 d5 4. Bg5 Bg7 5. Qd2 Nc6 6. 0-0-0 Bf5 7. f3 h5 8. Qf4 Qd7 9. e4 Be6 10. Nb5 0-0-0 11. c4 dxc4 12. d5 a6 13. Nc3 Nh7 14. dxe6 Qxe6 15. Rxd8+ Kxd8 16. Qd2+ Kc8 17. Nh3 Nd4 18. Qf2 Rd8 19. Be3 Nb3+ 20. Kc2 Na1+ 21. Kb1 Nb3 22. Nf4 Qc6 23. Nfd5 Rd7 24. Be2 a5 25. a4 e6 26. Nb5 Kd8 27. Ndc3 f5 28. exf5 exf5 29. Qh4+ Ke8 30. Qxc4 Qxc4 31. Bxc4 Nd2+ 32. Bxd2 Rxd2 33. Re1+ Kd7 34. Rd1 Rxd1+ 35. Nxd1 c6 36. Nbc3 Ke7 37. Kc2 Nf8 38. Kd3 Nd7 39. f4 Nb6 40. Bg8 Bf6 41. b3 Kf8 42. Bc4 Ke7 43. Ne3 Nc8 44. Ncd5+ cxd5 45. Nxd5+ Kd8 46. Nxf6 Ne7 47. Kd4 Nc6+ 48. Kc5 Kc7 49. Nd5+ Kd7 50. Bb5 Ke6 51. Bxc6 bxc6 52. Kxc6 1-0

[Event "Port of Spain op"]
[Site "Port of Spain"]
[Date "2016.07.31"]
[Round "4"]
[White "Bowles, Andrew"]
[Black "Nedd, Sean"]
[Result "1-0"]
[WhiteElo "1812"]
[BlackElo "1904"]
[PlyCount "109"]
[EventDate "2016.07.29"]
[EventType "swiss"]
[EventRounds "9"]
[EventCountry "TRI"]
[SourceTitle "EXT 2023"]
[Source "ChessBase"]
[SourceDate "2022.10.05"]
[SourceVersion "1"]
[SourceVersionDate "2022.10.05"]
[SourceQuality "1"]

1. e4 c5 2. Nf3 d6 3. d4 cxd4 4. Nxd4 Nf6 5. Nc3 g6 6. Be2 Bg7 7. 0-0 Qb6 8. Be3 Qc7 9. Nd5 Nxd5 10. exd5 a6 11. Qd2 Nd7 12. c4 b6 13. Rac1 Bb7 14. Bf3 0-0 15. b3 Rfe8 16. Rfd1 Rad8 17. Be2 e5 18. dxe6 fxe6 19. Bf3 Ne5 20. Bxb7 Qxb7 21. f3 d5 22. cxd5 exd5 23. Rc2 b5 24. Rdc1 Rc8 25. Rxc8 Rxc8 26. Ne6 Rxc1+ 27. Qxc1 Bf6 28. Qc5 Nd7 29. Qd6 Kf7 30. Nc5 Nxc5 31. Bxc5 Be7 32. Qxe7+ Qxe7 33. Bxe7 Kxe7 34. Kf2 Kd6 35. Ke3 Kc5 36. a3 a5 37. Kd3 d4 38. f4 h5 39. g3 a4 40. b4+ Kd5 41. h3 g5 42. fxg5 Ke5 43. h4 Kd5 44. g6 Ke6 45. Kxd4 Kf6 46. g7 Kxg7 47. Kc5 Kf6 48. Kxb5 Kf5 49. Kxa4 Kg4 50. b5 Kxg3 51. b6 Kxh4 52. b7 Kg3 53. b8Q+ Kh3 54. Qg8 h4 55. Qg5 1-0